| 000 | 00818nam a2200253 i 4500 | ||
|---|---|---|---|
| 001 | bg | ||
| 245 | 0 | 0 |
_aEncyklopedia "białych plam". _nT.12, _pMasoneria w Polsce - naturalizm / _c[red. Mirosław Fijołek et al. ; aut. haseł Mariusz Affek et al..] |
| 260 |
_aRadom : _bPolskie Wydaw. Encyklopedyczne, _c2003. |
||
| 300 |
_a520 s. ; _c24 cm. |
||
| 500 | _aNa okł. i grzb. tyt. tomu: Ma-Na. | ||
| 504 | _aBibliogr. przy hasłach. | ||
| 650 | 9 | _aEncyklopedia polska | |
| 700 | 1 |
_aFIJOŁEK, Mirosław. _eRed. |
|
| 700 | 1 | _aAFFEK, Mariusz. | |
| 020 | _a8388822713 (t. 12) | ||
| 020 | _a8391206807 (całość) | ||
| 040 | _cBPK | ||
| 041 | 0 | _apol | |
| 080 | _a0/9(03) | ||
| 920 | _a83-88822-71-3 (t. 12) | ||
| 920 | _a83-912068-0-7 (całość) | ||
| 942 | _cKS | ||
| 008 | s pl f |000 0 pol | ||
| 999 |
_c43667 _d43667 |
||
| 856 |
_uhttp://koha.tu.koszalin.pl/cgi-bin/koha/opac-detail.pl?biblionumber=43667 _yKatalog online BPK |
||